000 00476nam a2200145Ia 4500
008 100122s9999 xx 000 0 und d
082 _b31592
_a823
100 _aकर्नल रंजित
245 _aहत्यारी कठपुतली
260 _bहिंदी पॉकेट बुक्स
_c1979
300 _a192
630 _aहत्यारी कठपुतली
730 _aहत्यारी कठपुतली
942 _cBOOK
999 _c382992
_d382989